[Event "45th Guernsey Open 2019"]
[Site "Vale"]
[Date "2019.10.22"]
[Round "3.8"]
[White "Spanton, Tim R"]
[Black "Van den Boogaart, Jan Maarten"]
[Result "0-1"]
[WhiteElo "1927"]
[BlackElo "2039"]
[Annotator "NA RC"]
[PlyCount "97"]
[EventDate "2019.10.20"]
[EventCountry "GCI"]
[SourceTitle "playchess.com"]
[Source "ChessBase"]
[SourceQuality "1"]
[TimeControl "40/6000+30:2400+30"]

{[%evp 19,97,0,43,32767,42,0,65,69,83,32767,94,0,91,63,41,32767,32767,32767,32767,32767,-264,32767,-237,-238,-230,-268,-247,-325,-336,-368,-214,-235,32767,-179,-143,-213,-177,32767,32767,32767,32767,-273,-273,-281,-281,-268,-320,-332,-222,-209,-204,32767,32767,32767,32767,-556,-476,-541,-543,32767,32767,32767,-426,-443,0,-570,32767,-678,-723,-800,-997,-857,-903,32767,-1251,-29990,-29991,-29991,-29992,-29992]} 1. e4 {[%emt 0:00:00]} c5 {[%emt 0:00:00]} 2. Nf3 {[%emt 0:00:00]} Nc6 {[%emt 0:00:00]} 3. Bb5 {[%emt 0:00:00]} d6 {[%emt 0:00:25]} 4. d4 {[%emt 0:00:11]} cxd4 {[%emt 0:01:28]} 5. Qxd4 {[%emt 0:00:06]} Bd7 {[%emt 0:02:21]} 6. Bxc6 {[%emt 0:00:06]} Bxc6 {[%emt 0:05:00]} 7. Nc3 {[%emt 0:00:09]} Nf6 {[%emt 0:07:30]} 8. Bg5 {[%emt 0:00:06]} e6 {[%emt 0:11:00]} 9. O-O-O {[%emt 0:00:35]} Be7 {[%emt 0:00:49]} 10. Rhe1 {[%emt 0:01:15]} Qc7 {[%emt 0:11:01]} 11. Kb1 {[%emt 0:05:55] B53: Sicilian: 2...d6: Lines with Qxd4} (11. Qd2 Rd8 12. Nd4 a6 13. f3 O-O 14. Kb1 b5 15. g4 b4 16. Nce2 Bb7 17. Ng3 Rfe8 18. Rg1 Nd7 19. Bxe7 Rxe7 20. Nh5 Ne5 21. g5 Ng6 {1-0 (47) Hasangatin,R (2502)-Smirnov,T (2324) Serpukhov 2018}) 11... a6 {[%emt 0:03:15]} 12. Qd3 {[%emt 0:02:33]} (12. Bxf6 $5 Bxf6 13. Qxd6 Qxd6 14. Rxd6 $11) 12... b5 {[%emt 0:07:01]} ({Black should play} 12... O-O $11) 13. Bxf6 $146 {[%emt 0:02:57]} ({Predecessor:} 13. Nd4 Bb7 14. f3 O-O 15. g4 Rac8 16. h4 b4 17. Nce2 d5 18. e5 {0-1 (52) Eliseev,N (2069)-Ponomarev,D Oktjabrsky 2004}) 13... gxf6 {[%emt 0:00:40]} 14. Nd4 {[%emt 0:03:01]} Bb7 {[%emt 0:02:22]} 15. f3 {[%emt 0:02:18]} (15. Qe2 $16) 15... Rc8 {[%emt 0:12:50]} (15... b4 $11 16. Nce2 d5) 16. Rd2 {[%emt 0:05:58]} b4 {[%emt 0:06:47]} 17. Nce2 {[%emt 0:01:09]} Rg8 {[%emt 0:15:11]} 18. e5 {[%emt 0:08:11]} fxe5 {[%emt 0:04:23]} 19. Qxh7 {[%emt 0:00:12]} Rg6 {[%emt 0:03:42]} 20. Nb3 {[%emt 0:04:53]} Bf8 {[%emt 0:04:35]} ({But not} 20... Rxg2 21. Rc1 $19) 21. f4 {[%emt 0:12:11]} Be4 {[%emt 0:03:53]} ({Don't do} 21... Bxg2 22. Ng3) 22. Ka1 {[%emt 0:04:24]} d5 {[%emt 0:02:24]} ({Not} 22... Bxg2 23. Ng3 $17) 23. Qh8 {[%emt 0:02:32]} exf4 {[%emt 0:01:08]} 24. g3 {[%emt 0:03:32]} fxg3 {[%emt 0:01:31]} 25. Nxg3 {[%emt 0:00:21]} Qb6 {[%emt 0:09:01]} 26. Nxe4 {[%emt 0:20:20]} (26. Nd4 $17) 26... dxe4 {[%emt 0:00:08]} 27. Qe5 {[%emt 0:00:11] [#]} e3 $1 {[%emt 0:00:55]} 28. Rde2 {[%emt 0:03:43]} Bg7 {[%emt 0:00:09]} 29. Qe4 {[%emt 0:02:05]} a5 {[%emt 0:00:18]} 30. Kb1 {[%emt 0:04:25]} (30. Rxe3 $17 a4 31. Nc1) 30... a4 {[%emt 0:00:11]} 31. Nc1 {[%emt 0:00:23]} Qd4 {[%emt 0:00:54]} 32. Qxd4 {[%emt 0:00:28]} Bxd4 {[%emt 0:00:04]} 33. Nd3 {[%emt 0:00:23]} Rb8 {[%emt 0:00:26]} 34. Nf4 {[%emt 0:02:47]} Rh6 {[%emt 0:00:42]} 35. Nd3 {[%emt 0:04:53]} f5 {[%emt 0:00:36]} 36. Rg1 {[%emt 0:02:07]} Kf7 {[%emt 0:00:19]} 37. Reg2 {[%emt 0:01:11]} Rh7 {[%emt 0:00:46]} 38. Nf4 {[%emt 0:01:38]} e5 {[%emt 0:00:24]} 39. Ne2 {[%emt 0:00:22]} Bc5 {[%emt 0:00:44]} 40. Rg5 $1 $11 {[%emt 0:00:22]} Kf6 {[%emt 0:01:01]} 41. Rg6+ {[%emt 0:41:13]} Kf7 $2 {[%emt 0:03:03]} ({Black should try} 41... Ke7 $19 42. h4 f4) 42. Rc6 $2 {[%emt 0:00:00]} Rxh2 {[%emt 0:17:23]} 43. Rxc5 {[%emt 0:00:00]} Rxe2 {[%emt 0:00:21]} 44. Rxe5 {[%emt 0:00:00]} Kf6 {[%emt 0:00:12]} 45. Rd5 {[%emt 0:00:00]} Rf2 {[%emt 0:04:04]} 46. Rdd1 {[%emt 0:00:00]} f4 {[%emt 0:02:44]} 47. Rgf1 {[%emt 0:00:00]} Rxf1 {[%emt 0:01:24]} 48. Rxf1 {[%emt 0:00:00]} e2 {[%emt 0:00:10]} 49. Rh1 0-1

[Event "45th Guernsey Open 2019"]
[Site "Vale"]
[Date "2019.10.22"]
[Round "3.9"]
[White "Pleasants, Allan J"]
[Black "Rowe, Peter"]
[Result "1-0"]
[WhiteElo "2019"]
[BlackElo "1957"]
[Annotator "NA RC"]
[PlyCount "71"]
[EventDate "2019.10.20"]
[EventCountry "GCI"]
[SourceTitle "playchess.com"]
[Source "ChessBase"]
[SourceQuality "1"]
[TimeControl "40/6000+30:2400+30"]

{[%evp 15,71,42,32767,32767,32767,51,23,52,43,0,113,109,266,276,32767,32767,32767,262,281,192,244,214,296,32767,32767,32767,222,32767,345,346,383,589,32767,32767,633,618,622,615,650,632,613,643,657,32767,32767,32767,32767,32767,731,32767,32767,2681,32767,5610,29995,29996,29996,29997]} 1. d4 {[%emt 0:00:00]} d6 {[%emt 0:00:16]} 2. e4 {[%emt 0:00:00]} Nf6 {[%emt 0:00:11]} 3. Nc3 {[%emt 0:00:00]} Nbd7 {[%emt 0:00:37]} 4. Nf3 {[%emt 0:00:07]} e5 {[%emt 0:00:14]} 5. Be2 {[%emt 0:00:28]} Be7 {[%emt 0:00:17]} 6. g4 {[%emt 0:00:41] C41: Philidor Defence} h6 {[%emt 0:05:11]} (6... O-O 7. g5 Ne8 8. h4 c6 9. a4 Nc7 10. Be3 a6 11. a5 Nb5 12. Qd2 Re8 13. Nxb5 axb5 {½-½ (55) Amin,B (2654)-Jobava,B (2705) Al Ain 2013}) 7. Rg1 {[%emt 0:00:44]} exd4 {[%emt 0:02:16]} 8. Nxd4 {[%emt 0:12:55]} Nc5 {[%emt 0:02:42]} 9. f3 {[%emt 0:06:47]} Nh7 $146 {[%emt 0:10:24]} ({Predecessor:} 9... g6 10. Be3 Be6 11. Qd2 Bf8 12. O-O-O Qd7 13. b4 Na6 {1-0 (36) Savchenko,D (1628)-Rogozenco,T (1706) Oberhof 2012}) 10. Be3 {[%emt 0:07:46]} Bh4+ {[%emt 0:13:59]} 11. Kf1 {[%emt 0:02:00]} Ng5 {[%emt 0:05:22]} 12. Rg2 {[%emt 0:12:15]} (12. Nf5 $16 Nge6 13. Nd5 (13. Nxh4 Qxh4 14. Qd2 O-O $14)) 12... h5 {[%emt 0:09:58] [#]} (12... Nge6 $11 {remains equal.}) 13. Nf5 $1 {[%emt 0:13:39]} Bxf5 {[%emt 0:14:31]} (13... hxg4 $16 14. Rxg4 Nge6) 14. gxf5 {[%emt 0:00:40]} ({Don't do} 14. exf5 $6 hxg4 15. Rxg4 Nh7 $16) 14... Kf8 {[%emt 0:03:40]} 15. Qd2 {[%emt 0:02:43]} Nh7 {[%emt 0:05:13]} 16. Nd5 {[%emt 0:03:42]} Nd7 {[%emt 0:02:22]} 17. Kg1 {[%emt 0:11:28]} Ndf6 {[%emt 0:07:34]} (17... Nhf6 {is a better defense.} 18. Rd1 Ne5) 18. Bc4 {[%emt 0:04:05]} Qd7 {[%emt 0:04:25]} (18... Nd7 {was necessary.} 19. Bf4 Ne5 20. Bxe5 dxe5 21. Qb4+ Be7 22. Nxe7 Qxe7 23. Qxb7 Rd8) 19. Kh1 {[%emt 0:04:44]} Nxd5 {[%emt 0:02:35]} 20. Qxd5 {[%emt 0:00:23]} c6 {[%emt 0:00:42]} 21. Qd2 {[%emt 0:00:43]} Nf6 {[%emt 0:02:09]} (21... Rd8 $142 22. Bb3 (22. Bxa7 b5 $18) 22... Bf6 23. Bxa7 Qc7) 22. Rag1 {[%emt 0:01:38]} Rh7 {[%emt 0:02:21] [#]} 23. Rxg7 $3 {[%emt 0:06:37]} Rxg7 {[%emt 0:07:53]} 24. Bh6 {[%emt 0:00:15]} Ne8 {[%emt 0:00:57]} 25. Bxg7+ {[%emt 0:01:36]} Nxg7 {[%emt 0:02:21]} 26. Qh6 {[%emt 0:00:27]} d5 {[%emt 0:00:42]} 27. Qxg7+ {[%emt 0:01:37]} Ke7 {[%emt 0:00:22]} 28. Qe5+ {[%emt 0:01:52]} Kf8 {[%emt 0:01:13]} 29. Qh8+ {[%emt 0:05:04]} Ke7 {[%emt 0:00:11]} 30. Qxa8 {[%emt 0:00:46]} dxc4 {[%emt 0:00:52]} 31. Qb8 {[%emt 0:01:00]} Qd4 $18 {[%emt 0:02:59]} 32. Qxb7+ {[%emt 0:01:34]} Kd6 {[%emt 0:00:17]} 33. Qxf7 {[%emt 0:01:49]} Qf2 {[%emt 0:01:06]} 34. Rd1+ {[%emt 0:02:37]} Ke5 {[%emt 0:00:24]} 35. Qc7+ {[%emt 0:00:37] Double Attack} Kf6 {[%emt 0:00:10]} 36. Rd6+ {[%emt 0:00:42] Double Attack} 1-0

[Event "45th Guernsey Open 2019"]
[Site "Vale"]
[Date "2019.10.22"]
[Round "3.10"]
[White "Stanners, Michael J"]
[Black "Strade, Arita"]
[Result "0-1"]
[WhiteElo "1752"]
[BlackElo "1882"]
[Annotator "NA RC"]
[PlyCount "109"]
[EventDate "2019.10.20"]
[EventCountry "GCI"]
[SourceTitle "playchess.com"]
[Source "ChessBase"]
[SourceQuality "1"]
[TimeControl "40/6000+30:2400+30"]

{[%evp 17,109,-15,8,32767,32767,32767,24,32767,12,14,0,32767,32767,32767,-62,-89,32767,-85,-83,32767,-77,32767,32767,-133,-132,-143,-37,32767,32767,-116,-121,-202,-188,-242,-254,-291,-266,32767,-212,-189,-89,32767,-108,-130,-115,-116,78,81,83,32767,32767,-143,79,-209,32767,32767,32767,-303,-11,32767,32767,-323,0,0,109,-350,-368,-385,-432,-736,32767,-331,-330,-360,-383,-381,-340,32767,-603,-1031,-1174,-1307,-1360,-5285,-29974,-29995,-29975,-29996,-29992,32767,32767,-29997,-29997,-29997]} 1. b3 {[%emt 0:00:00]} d5 {[%emt 0:02:52]} 2. Bb2 {[%emt 0:00:00]} Bf5 {[%emt 0:01:29]} 3. e3 {[%emt 0:01:26]} e6 {[%emt 0:01:06]} 4. Nf3 {[%emt 0:01:22]} h6 {[%emt 0:01:19]} 5. Be2 {[%emt 0:04:21]} Nf6 {[%emt 0:02:16]} 6. O-O {[%emt 0:02:43]} Bd6 {[%emt 0:02:30] A06: Réti Opening:1 Nf3 d5} 7. d3 {[%emt 0:04:01]} (7. c4 O-O 8. Nc3 c6 9. d3 Qe7 10. a3 Nbd7 11. b4 Rad8 12. Qb3 a6 13. Rad1 Rfe8 14. Rfe1 {1-0 (58) Vachier Lagrave,M (2796)-So,W (2812) Leuven 2017}) 7... O-O {[%emt 0:02:13]} 8. Nbd2 {[%emt 0:00:18]} Nbd7 {[%emt 0:02:03]} 9. d4 {[%emt 0:10:36]} Ne4 {[%emt 0:03:25]} 10. Nxe4 $146 {[%emt 0:06:11]} ({Predecessor:} 10. c4 c6 11. Ne5 Nxe5 12. dxe5 Bc5 13. Nxe4 Bxe4 14. Bd4 {0-1 (40) Buti,E (2082)-Mihalyfi,G (2143) Hungary 2004}) 10... dxe4 {[%emt 0:01:41]} 11. Ne5 {[%emt 0:01:22]} Nf6 {[%emt 0:03:22]} 12. c4 {[%emt 0:03:20]} c6 {[%emt 0:03:04]} 13. h3 {[%emt 0:05:59]} Qe7 {[%emt 0:02:28]} 14. a3 {[%emt 0:02:53]} Rad8 {[%emt 0:02:00]} 15. Ng4 {[%emt 0:03:24]} Nd7 {[%emt 0:06:35]} 16. Nh2 {[%emt 0:10:11]} Qg5 {[%emt 0:02:59]} 17. Bg4 {[%emt 0:01:51]} Bh7 {[%emt 0:01:37]} 18. Be2 {[%emt 0:05:10]} Bc7 {[%emt 0:11:42]} 19. Qc1 {[%emt 0:03:51]} e5 {[%emt 0:10:03]} 20. d5 {[%emt 0:02:21]} cxd5 {[%emt 0:00:22]} 21. cxd5 {[%emt 0:00:11]} Bb6 {[%emt 0:01:05]} (21... Bd6 $17 22. Bc3 Bf5) 22. Qd2 {[%emt 0:03:09]} f5 {[%emt 0:03:51]} 23. Bc4 {[%emt 0:06:12]} Kh8 {[%emt 0:03:08]} 24. b4 {[%emt 0:02:32]} (24. Qe2 $17) 24... f4 {[%emt 0:03:07]} 25. Rae1 {[%emt 0:00:32]} f3 {[%emt 0:01:50]} 26. g4 {[%emt 0:07:24]} Bg8 {[%emt 0:08:36]} ({Don't play} 26... Qh4 27. Kh1 $19) 27. Rc1 {[%emt 0:04:08]} h5 {[%emt 0:01:35]} ({Don't play} 27... Qh4 28. Kh1 $19) 28. Kh1 {[%emt 0:00:21]} Qh4 {[%emt 0:07:06]} (28... Nf6 $19 {and Black stays clearly on top.} 29. d6 Bxc4 30. Rxc4 Rfe8) 29. Rg1 {[%emt 0:03:36]} Qxh3 {[%emt 0:01:29]} 30. Rg3 {[%emt 0:00:52]} Qh4 {[%emt 0:00:12]} 31. Rcg1 {[%emt 0:02:25]} hxg4 $2 {[%emt 0:06:12]} (31... Nf6 $17 {and life is bright.} 32. Bxe5 Bxd5 33. gxh5 Bxc4 {[%mdl 64] Discovered Attack}) 32. Rxg4 {[%emt 0:00:11] Double Attack} Qh6 {[%emt 0:02:21]} 33. R1g3 {[%emt 0:02:58]} Rf5 {[%emt 0:02:24]} 34. Rg6 {[%emt 0:03:31] [#]} Qh4 $2 {[%emt 0:03:31]} (34... Qh7 $1 $19 35. Qc1 Nf6) 35. R3g4 $2 {[%emt 0:00:49]} (35. Qe1 $16 {and life is bright.}) 35... Qh5 {[%emt 0:01:01]} 36. Qe1 {[%emt 0:02:06]} Nf6 {[%emt 0:01:35]} 37. Rg3 {[%emt 0:01:47]} Ne8 $2 {[%emt 0:01:51]} ({And not} 37... Nxd5 38. Rxg7 Nf6 39. Bxg8 $11) (37... Bxd5 $19 38. Bxd5 Rxd5) 38. Bf1 {[%emt 0:01:14]} Bh7 {[%emt 0:00:18]} 39. R6g4 {[%emt 0:01:37]} (39. Re6 {was the only defense.}) 39... Rd6 $2 {[%emt 0:01:47]} ({Stronger than} 39... Rxd5 40. Rh3 $14) (39... Nf6 $19 40. Rxg7 Qh6) 40. Rh3 {[%emt 0:01:29]} Qf7 {[%emt 0:00:37]} (40... Rh6 $1 $11 {keeps the balance.} 41. Rgg3 (41. Rxh5 $2 Rfxh5 42. Bh3 Bf5 $19) (41. Rxe4 $2 Rg5 $19) 41... Qf7) 41. Bc4 $2 {[%emt 0:41:24]} (41. Rxe4 $16 Nf6 42. Reh4 (42. Rxe5 Rxd5 43. Rxf5 Rxf5 $16)) 41... Rh5 {[%emt 0:01:36]} 42. Qf1 {[%emt 0:00:00]} Bd8 {[%emt 0:02:27]} 43. a4 $2 {[%emt 0:00:00]} (43. Rgg3) 43... Nf6 {[%emt 0:08:46]} 44. Rgg3 {[%emt 0:00:00]} Qd7 {[%emt 0:10:29]} 45. Rxh5 {[%emt 0:00:00]} Nxh5 {[%emt 0:00:32]} 46. Rh3 Rh6 {[%emt 0:02:19]} 47. Bxe5 {[%emt 0:00:00]} Bf5 {[%emt 0:02:49]} 48. Rg3 {[%emt 0:00:00]} Nxg3+ {[%emt 0:01:18]} 49. Bxg3 {[%emt 0:00:00]} Bc7 {[%emt 0:00:57]} 50. Qg1 {[%emt 0:00:00]} Bh3 {[%emt 0:00:20]} 51. Qe1 {[%emt 0:00:00]} Bg2+ {[%emt 0:00:57]} 52. Kg1 {[%emt 0:00:00]} Bxg3 {[%emt 0:00:12]} 53. fxg3 {[%emt 0:00:00]} Qh3 {[%emt 0:00:18]} 54. Qd2 {[%emt 0:00:00]} Qxh2+ {[%emt 0:00:17] Bf1} 55. Kf2 {[%emt 0:00:00]} 0-1

[Event "45th Guernsey Open 2019"]
[Site "Vale"]
[Date "2019.10.22"]
[Round "3.11"]
[White "Fries-Nielsen, Niels Jorgen"]
[Black "Hoogakker, Peter"]
[Result "0-1"]
[WhiteElo "2316"]
[BlackElo "1749"]
[Annotator "RC"]
[PlyCount "46"]
[EventDate "2019.10.20"]
[EventCountry "GCI"]
[SourceTitle "playchess.com"]
[Source "ChessBase"]
[SourceQuality "1"]
[TimeControl "40/6000+30:2400+30"]

1. Nc3 {[%emt 0:00:00]} d6 {[%emt 0:00:00]} 2. Nf3 {[%emt 0:00:00]} e5 {[%emt 0:00:49]} 3. e4 {[%emt 0:00:22]} Nf6 {[%emt 0:00:25]} 4. Bb5+ {[%emt 0:00:27]} c6 {[%emt 0:00:48]} 5. Ba4 {[%emt 0:02:24]} b5 {[%emt 0:05:27]} 6. Bb3 {[%emt 0:00:03]} b4 {[%emt 0:01:14]} 7. Ne2 {[%emt 0:00:37]} Nxe4 {[%emt 0:00:50]} 8. d3 {[%emt 0:00:47]} Nc5 {[%emt 0:01:56]} 9. Be3 {[%emt 0:04:39]} Nxb3 {[%emt 0:04:18]} 10. axb3 {[%emt 0:00:09]} c5 {[%emt 0:04:09]} 11. Ng3 {[%emt 0:00:58]} Be7 {[%emt 0:02:34]} 12. O-O {[%emt 0:01:45]} f5 {[%emt 0:06:36]} 13. Bd2 {[%emt 0:04:47]} Nc6 {[%emt 0:05:15]} 14. c3 {[%emt 0:02:28]} f4 {[%emt 0:03:07]} 15. Ne2 {[%emt 0:08:35]} Bg4 {[%emt 0:04:18]} 16. Ne1 {[%emt 0:07:00]} O-O {[%emt 0:06:04]} 17. f3 {[%emt 0:00:14]} Bf5 {[%emt 0:01:04]} 18. d4 {[%emt 0:01:57]} Bh4 {[%emt 0:06:08]} 19. d5 {[%emt 0:02:02]} Ne7 {[%emt 0:01:35]} 20. cxb4 {[%emt 0:05:23]} cxb4 {[%emt 0:04:13]} 21. Bxb4 {[%emt 0:12:33]} Qb6+ {[%emt 0:00:09]} 22. Kh1 {[%emt 0:00:26]} Qxb4 {[%emt 0:00:14]} 23. Nd3 {[%emt 0:00:08]} Qb5 {[%emt 0:01:32]} 0-1

[Event "45th Guernsey Open 2019"]
[Site "Vale"]
[Date "2019.10.23"]
[Round "4.1"]
[White "Povah, Nigel E"]
[Black "Hebden, Mark L"]
[Result "0-1"]
[WhiteElo "2301"]
[BlackElo "2427"]
[Annotator "TA"]
[PlyCount "94"]
[EventDate "2019.10.20"]
[EventType "swiss"]
[EventCountry "GCI"]
[SourceTitle "playchess.com"]
[Source "ChessBase"]
[SourceQuality "1"]

{[%evp 9,94,6,16,24,30,5,33,7,12,0,6,2,0,13,14,-11,6,-6,-8,-42,-33,-113,-116,-120,-104,-113,-115,-121,-116,-118,-127,-112,-116,-159,-163,-175,0,0,19,0,0,-14,-7,-8,-8,-11,25,23,23,23,21,17,24,37,33,6,78,75,226,218,216,35,35,35,60,6,40,-88,-109,-88,-107,-164,-74,-72,-72,-70,-70,-74,-74,-212,-212,-212,-148,-600,-595,-564,-575]} 1. d4 Nf6 2. Bf4 g6 3. Nc3 d5 4. e3 Bg7 5. h4 c5 (5... c6 6. Be2 Qb6 7. Rb1 h5 8. Nf3 Bg4 9. Ne5 Bxe2 10. Qxe2 Nbd7 11. Qf3 Qa6 {0-1 (32) Karjakin,S (2750)-Yu,Y (2752) Saint Louis 2019}) 6. Nb5 {aiming for Nc7+. A45: Trompowsky Attack} Na6 $1 7. c3 Bg4 (7... h5 {feels hotter.} 8. Be2 O-O 9. Nf3 Bg4 10. a4 Ne8) 8. Be2 {White is slightly better.} (8. f3 {seems wilder.} Be6 9. Nh3 Qb6 10. dxc5 Qxc5 11. Qd4) 8... Bxe2 9. Qxe2 O-O $146 ({Predecessor:} 9... Qd7 10. Nf3 Ng4 11. h5 {1-0 (38) Ansell,S (2340)-Sreeves,C (2405) England 2018}) 10. Nf3 Qb6 11. Ne5 c4 12. a4 Nb8 13. Ng4 {And now Nxf6+ would win.} Nbd7 14. Nh6+ Kh8 15. g4 (15. Ng4 $15) 15... a6 $17 16. Na3 {[%cal Bb5a3,Ba3c2,Bc2b4,Bb4d5,Bd5f4][%mdl 32] [#]} e5 $1 {[%mdl 512]} 17. dxe5 {Black must now prevent a5.} Ne4 18. Rd1 Qc6 19. Nc2 Nxe5 20. Bxe5 Bxe5 21. Nb4 Qe6 $1 ({Don't take} 21... Qxa4 22. Nxd5 Rad8 23. O-O $17) 22. Nxd5 Bg7 $2 (22... Rad8 $1 $19 {[%cal Rd8d5]} 23. Qxc4 Bg7) 23. g5 $1 $11 Rac8 24. Nf4 Qc6 {Threatens to win with ...Nxc3.} 25. O-O f6 26. Qg4 $132 {[%mdl 2048] White has counterplay} Rce8 27. Qd7 Qxd7 28. Rxd7 fxg5 29. hxg5 Nxg5 30. Ng4 Rf7 31. Rfd1 Kg8 32. Rd8 Kf8 (32... Rxd8 $11 33. Rxd8+ Rf8) 33. Kg2 $16 Rc7 $2 (33... Rxd8 $16 34. Rxd8+ Ke7) 34. Rxe8+ $1 $18 Kxe8 {[#]} 35. Nd5 $2 ({White must play} 35. Rd5 $1 $18) 35... Rc6 $14 36. f4 Ne4 37. Nb4 (37. Nf2 $14 Nc5 38. a5) 37... Rb6 38. Rd5 {[#]} (38. Kf3 $14 {stays ahead.} Nc5 39. a5) 38... Nxc3 $1 $17 {[%mdl 512]} 39. bxc3 Bxc3 40. Nxa6 (40. Nd3 $17 {is a better defense.} cxd3 41. Rxd3) 40... bxa6 {[%mdl 4096] Endgame KRB-KRN} (40... Rxa6 $19 41. Rb5 h5) 41. Rc5 Rb4 42. a5 Ra4 43. Rc6 Bxa5 44. Rxa6 (44. Nf6+ $17 Ke7 45. Rxa6) 44... c3 $19 45. Ne5 c2 46. Nd3 $2 {[%mdl 8192]} (46. Re6+ $17 Kd8 47. Rd6+ Ke7 48. Rc6) 46... Ra3 47. Nc1 Bb4 {Accuracy: White = 35%, Black = 53%.} 0-1

[Event "45th Guernsey Open 2019"]
[Site "Vale"]
[Date "2019.10.23"]
[Round "4.2"]
[White "Baker, Chris W"]
[Black "Wager, John D"]
[Result "1-0"]
[WhiteElo "2245"]
[BlackElo "2013"]
[Annotator "TA"]
[PlyCount "61"]
[EventDate "2019.10.20"]
[EventType "swiss"]
[EventCountry "GCI"]
[SourceTitle "playchess.com"]
[Source "ChessBase"]
[SourceQuality "1"]

{[%evp 9,61,22,25,22,25,16,12,14,28,11,34,5,52,58,108,66,98,97,93,56,63,64,76,72,78,50,62,38,54,45,63,51,67,58,70,63,83,63,139,139,303,267,294,294,628,329,354,310,1169,1170,1164,1123,29996,29997]} 1. d4 Nf6 2. Nf3 d5 3. c4 c6 4. e3 e6 5. b3 Nbd7 6. Bb2 {D30: Queen's Gambit Declined: Systems without Nc3} Be7 7. Nbd2 {[%cal Bb1d2,Bd2c4,Bc4e5][%mdl 32]} O-O 8. Qc2 {The position is equal.} a6 9. Be2 $146 ({Predecessor:} 9. Bd3 h6 10. O-O c5 11. cxd5 Nxd5 12. a3 b6 13. dxc5 Nxc5 {½-½ (41) Karpov,A (2668)-Bacrot,E (2705) Cap d'Agde 2006}) 9... dxc4 10. Nxc4 Bb4+ (10... b5 $5 {[%cal Rb5c4]} 11. Nce5 Bb7 $14) 11. Kf1 Be7 12. Rc1 Nb6 13. Nce5 Nfd5 14. g3 f6 15. Nd3 Nb4 16. Nxb4 Bxb4 17. Kg2 Bd7 18. a3 Be7 19. h4 $36 {[%mdl 2048] White has the initiative.} Rc8 20. Bd3 (20. b4 {with more complications.} Be8 21. h5 h6 22. Ne1 f5 23. Nd3) 20... f5 21. b4 Be8 22. h5 Bf6 23. e4 g6 ({Black should play} 23... h6 $14) 24. hxg6 $16 hxg6 $2 (24... Bxg6 $16 25. exf5 exf5 26. Bxf5 Bxf5 27. Qxf5 Rc7) 25. Qd2 Rc7 26. Qh6 Rg7 $2 (26... fxe4 27. Bxe4 Qe7) 27. Rce1 {[%cal Bc1e1,Be1e4,Be4f4][%mdl 32] [#] Threatens to win with d5!} fxe4 28. Rxe4 Qd5 $2 (28... Qd7 29. d5 Rh7 30. dxe6 Qe7 31. Qxh7+ Qxh7) 29. Rf4 $18 {Qh8+ is the strong threat.} Nd7 30. Be4 Qb3 31. Ng5 {Accuracy: White = 43%, Black = 25%.} 1-0

[Event "45th Guernsey Open 2019"]
[Site "Vale"]
[Date "2019.10.23"]
[Round "4.3"]
[White "Collier, David O"]
[Black "Bianco, Valerio"]
[Result "0-1"]
[WhiteElo "2009"]
[BlackElo "2088"]
[Annotator "NA RC"]
[PlyCount "62"]
[EventDate "2019.10.20"]
[EventType "swiss"]
[EventCountry "GCI"]
[SourceTitle "playchess.com"]
[Source "ChessBase"]
[SourceQuality "1"]
[TimeControl "40/6000+30:2400+30"]

1. d4 {[%emt 0:00:00]} d5 {[%emt 0:00:00]} 2. Nf3 {[%emt 0:00:00]} e6 {[%emt 0:00:00]} 3. g3 {[%emt 0:00:19]} f5 {[%emt 0:00:42]} 4. Bg2 {[%emt 0:00:34]} Nf6 {[%emt 0:00:09]} 5. c4 {[%emt 0:00:22]} Bd6 {[%emt 0:00:35]} 6. O-O {[%emt 0:01:20]} O-O {[%emt 0:00:11]} 7. Nc3 {[%emt 0:01:19]} c6 {[%emt 0:00:08]} 8. b3 {[%emt 0:02:59]} Nbd7 {[%emt 0:04:49]} 9. e3 {[%emt 0:00:28] A90: Dutch Defence: Miscellaneous and Modern Stonewall (with ...Bd6)} Ne4 {[%emt 0:01:29]} 10. Ne2 {[%emt 0:02:05]} b6 {[%emt 0:12:17]} 11. Bb2 {[%emt 0:01:52]} Bb7 {[%emt 0:02:41]} (11... Ba6 12. Rc1 Qf6 13. Nf4 g5 {½-½ (58) Konaplev,A (2376)-Kozionov,K (2452) Sochi 2018}) 12. a4 $146 {[%emt 0:06:12]} ({Predecessor:} 12. Nf4 Qe7 13. Nd3 Rac8 14. Nfe5 Ba6 15. Rc1 Nef6 16. Rc2 Nb8 17. Qc1 Nfd7 {1-0 (66) Riha,O (1947)-Danek,P (2004) Czechia 2009}) 12... a5 {[%emt 0:01:23]} 13. Rc1 {[%emt 0:11:20]} Qe7 {[%emt 0:06:55]} 14. Nd2 {[%emt 0:04:38]} Bb4 {[%emt 0:10:50]} 15. Nb1 {[%emt 0:07:07]} Rfd8 {[%emt 0:03:06]} 16. Nec3 {[%emt 0:07:44]} Rac8 {[%emt 0:05:34]} 17. Na2 {[%emt 0:04:29]} Bd6 {[%emt 0:00:57]} 18. Re1 {[%emt 0:08:34]} dxc4 {[%emt 0:05:20]} 19. bxc4 {[%emt 0:06:12]} Ndf6 {[%emt 0:05:34]} 20. f3 {[%emt 0:08:38]} Ng5 {[%emt 0:03:15]} 21. e4 {[%emt 0:02:42]} fxe4 {[%emt 0:01:02]} 22. fxe4 {[%emt 0:00:12]} e5 {[%emt 0:08:55]} 23. d5 {[%emt 0:05:42]} (23. c5 $17 {was called for.} bxc5 24. Qb3+ Qf7 25. Qxf7+ Nxf7 26. dxc5) 23... Bc5+ {[%emt 0:04:38]} 24. Kh1 {[%emt 0:00:14]} Rc7 {[%emt 0:01:39]} ({Black should try} 24... h5 25. h4 Ng4) 25. h4 $19 {[%emt 0:07:02]} (25. Rc2 $17) 25... Bc8 {[%emt 0:10:35]} 26. hxg5 {[%emt 0:07:30]} Ng4 {[%emt 0:00:05]} 27. Qd2 {[%emt 0:01:27]} Qf7 28. g6 Qxg6 29. Bf3 Qh5+ 30. Kg2 Qh2+ 31. Kf1 Qh5 0-1